000 nam a22 a 4500
999 _c1313
_d1313
005 20170509095023.0
008 170509b1988 my ||||| |||| 00| 0 may d
020 _a9836100504
040 _aAKMAL
082 _a297.64 KHA
090 _a297.64
_bKHA
100 _aK.H. ABDULLAH BIN NUH
_92592
245 _aKeutamaan Keluarga Rasulullah S.A.W. /
_cK.H. Abdullah Bin Nuh
260 _aKlang, Selangor
_bKLANG BOOK CENTRE
_c1988
300 _a242 ms.
_ccm
599 _aDALAM PROSES
942 _2ddc
_cBOOK